| 000 | 00778nam a2200217Ia 4500 | ||
|---|---|---|---|
| 001 | 12362 | ||
| 003 | GE_BSU | ||
| 008 | 181216s||||||||xx |||||||||||||| ||und|| | ||
| 040 | _cGE_BSU | ||
| 080 | _a341.231.14+342.7 | ||
| 100 | _aკომახიძე,ამირან. | ||
| 245 | _aადამიანის უფლებები-უპირველეს ყოვლისა. | ||
| 245 | _cრედ:ბადრი ნაკაშიძე. | ||
| 260 | _aბათუმი. | ||
| 260 | _bალიონი. | ||
| 260 | _c1997 | ||
| 300 | _a143გვ;20სმ. | ||
| 300 | _bფოტოილუსტრაცია. | ||
| 653 | _aადამიანის უფლებები-უპირველეს ყოვლისა. | ||
| 942 | _cBK | ||
| 999 |
_c45537 _d45537 |
||